| 000 | 00441nam a2200193Ia 4500 | ||
|---|---|---|---|
| 008 | 170918s9999 xx 000 0 und d | ||
| 020 | _a9780545387316 | ||
| 050 | _bR328 2010 | ||
| 100 | _aRees, Celia | ||
| 245 | 4 | _aThe fool's girl / | |
| 245 | _cCelia Rees. | ||
| 260 | _aNew York : | ||
| 260 | _bScholastic, | ||
| 260 | _c2010 | ||
| 300 | _a297 pages : | ||
| 300 | _bcolored illustration ; | ||
| 300 | _c19cm. | ||
| 500 | _a780 | ||
| 999 |
_c342189 _d342189 |
||